| 000 | 00596nam a2200181 4500 | ||
|---|---|---|---|
| 008 | 171213b xxu||||| |||| 00| 0 eng d | ||
| 020 | _a0395597455 | ||
| 082 |
_21992 _aDC 808.0427 _bC69 |
||
| 100 |
_925071 _aConlin, Mary Lou, author. |
||
| 245 |
_aPatterns plus : _ba short prose reader with argumentation / _cMary Lou Conlin. |
||
| 250 | _aFourth edition. | ||
| 260 |
_aBoston : _b Houghton Mifflin Co., _c©1992. |
||
| 300 |
_axxvi, 429 pages ; _c 24 cm. |
||
| 500 | _aIncludes index. | ||
| 650 | 0 |
_925072 _aCollege readers |
|
| 650 | 0 |
_925073 _aEnglish language _xRhetoric |
|
| 942 |
_2ddc _cDC |
||
| 999 |
_c8104 _d8104 |
||